| 000 | 00605nam a22001937a 4500 | ||
|---|---|---|---|
| 003 | OSt | ||
| 005 | 20240912091641.0 | ||
| 008 | 240912b |||||||| |||| 00| 0 eng d | ||
| 020 | _a9781781190586 | ||
| 040 |
_aMUST _cDDC |
||
| 082 | _a001.4 APP 2014 | ||
| 100 |
_aEdited Helen Xiaohong Chen _919122 |
||
| 245 |
_aApproaches to Quantitative Research: _bA Guide for Dissertation students/ _cEdited Helen Xiaohong Chen |
||
| 260 |
_aIreland: _bOak Tree Press, _c2014. |
||
| 300 |
_axv,166p.: _bill., _c23.5cm. |
||
| 504 | _aIncludes Indexes | ||
| 650 |
_aQuantitative Research _919123 |
||
| 942 |
_2ddc _cO_SHELF |
||
| 999 |
_c9368 _d9368 |
||